000 01353nam0a22003611 4500
001 rc\2178181
005 20141201122333.5
010 _bВ пер.
_d1 р. 50 к.
_950000
021 _aRU
_b79-23588
035 _a(NLR Aleph) 006518082
090 _a6400471
_c6400471
100 _a20110826d1979 m||y0rusy50 ca
101 0 _arus
102 _aRU
105 _aa z |||g|
200 1 _aДуша Ленинграда
_e(избранное)
_fВера Инбер
_g[составитель Ц.Е. Дмитриева
_gпослесл. Н. Тихонова]
210 _aЛенинград
_cЛениздат
_d1979
215 _a333 с., 1 л. ил.
_d20
686 _a84Р7
_2rubbk
686 _aШ5(2=Р)73-6я44
_2rubbk
686 0 _aШ6(2=Р)7я44
_2rubbk
700 1 _aИнбер
_bВ. М.
_f1890-1972
_gВера Михайловна
_3RU\NLR\AUTH\7735583
_7ca
702 1 _aТихонов
_bН. С.
_cпоэт, писатель.
_f1896-1979
_gНиколай Семенович
_3RU\NLR\AUTH\7735367
_4080
_7ca
702 1 _aДмитриева
_bЦ. Е.
_gЦецилия Ефимовна
_4220
801 0 _aRU
_bNLR
_gpsbo
801 1 _aRU
_bELAR
_2rusmarc
801 2 _aRU
_bNLR
_c20141201
_2rusmarc
852 _aNLR
_j79-3/5452
899 _aRuMoRGB
_jB 79-16/313
899 _aRuMoRGB
_jB 79-16/314
899 _aRuMoRGB
_jВО 685/37
942 _cBOOK
980 _aNB